000 00425nam a2200145Ia 4500
041 _aKurdish
082 _a891,112 cut-979 ج
100 _a20260118u\\\\\\\\\\\y0engy0103\\\\ba
100 _aقوبادى جەلیزردە
245 0 _aپشکى چۆلەکەکان - شیعرى هایکو -
250 _aچ1
260 _bچاپخانە بینایى
_aسلیمانى - العراق
_c2025
300 _a206
942 _cBk
999 _c189519
_d189519